| 000 | 00618nam a2200193 i 4500 | ||
|---|---|---|---|
| 001 | 55580 | ||
| 003 | ES-MaACL | ||
| 005 | 20231111062525.0 | ||
| 007 | t| | ||
| 008 | 030923s1968 sp |||| | spa d | ||
| 100 | 1 |
_aDescola, Jean. _943861 |
|
| 245 | 1 | 0 |
_aHistoria literaria de España _b: de Séneca a García Lorca / _cJean Descola ; versión, Manuel Carrión Gútiez. |
| 260 |
_aMadrid : _bGredos, _c[1968] |
||
| 300 |
_a406 p. ; _c18 cm. |
||
| 650 | 4 |
_aLiteratura española- _xHistoria y crítica _914560 |
|
| 700 | 1 |
_aCarrión Gútiez, Manuel. _935810 |
|
| 852 |
_aES-MaACL _jC-35627 |
||
| 999 |
_c55580 _d55580 |
||